| 000 | 00680nam a2200241Ia 4500 | ||
|---|---|---|---|
| 005 | 20260121112521.0 | ||
| 008 | 6635 260114s9999 xx 000 0 eng d | ||
| 020 | _a9789814307673 | ||
| 037 | _aEBOOK | ||
| 040 |
_aCRL _beng _cCRL |
||
| 041 |
_aeng _2eng |
||
| 084 | _qCRL | ||
| 100 |
_aLuo Jun Et Al _9958893 |
||
| 245 | 0 | _aGravitation and Astrophysics - Proceedings of the Ninth Asia-Pacific International Conference | |
| 260 | _bWorld Scientific | ||
| 260 | _bWSPC | ||
| 260 | _c2010 | ||
| 650 |
_aPhysics _9958894 |
||
| 856 | _uhttps://www.worldscientific.com/worldscibooks/10.1142/7770#t=toc | ||
| 942 | _cEBOOK | ||
| 999 |
_c1543935 _d1543935 |
||